[Event "26. Erfurter Schachfestival 2016 - HT"]
[Site "Erfurt"]
[Date "2016.12.27"]
[Round "3.9"]
[White "Haugk, Franko"]
[Black "Brandt, Wolfgang"]
[Result "1-0"]
[WhiteElo "2026"]
[BlackElo "1826"]
[PlyCount "75"]
[EventDate "2016.12.26"]
[EventCountry "GER"]

1. e4 c5 2. Nc3 e6 3. Nf3 Nc6 4. Be2 Qc7 5. O-O Nf6 6. d3 Be7 7. Bg5 O-O 8. g3
a6 9. Re1 b5 10. a3 Bb7 11. Bf4 e5 12. Bg5 Rad8 13. Nh4 Nd4 14. Bf1 c4 15. Bg2
Ne6 16. Be3 Bc5 17. Nf5 cxd3 18. cxd3 Qb6 19. Rc1 Bxe3 20. Nxe3 Rfe8 21. Ncd5
Nxd5 22. exd5 Nd4 23. Rc3 Rc8 24. Be4 g6 25. Qg4 Qf6 26. Qxd7 Rb8 27. Ng4 Qg5
28. Rc7 Rf8 29. h4 Qd2 30. Rf1 Bc8 31. Nf6+ Kg7 32. Ne8+ Kh6 33. Qe7 Rh8 34.
Qxe5 Ne2+ 35. Kh2 Rg8 36. Rxf7 Bh3 37. Rxh7+ Kxh7 38. Qh5+ 1-0

[Event "26. Erfurter Schachfestival 2016 - HT"]
[Site "Erfurt"]
[Date "2016.12.27"]
[Round "3.10"]
[White "Schönrock, Rüdiger"]
[Black "Zalewski, Ulrich"]
[Result "1-0"]
[WhiteElo "2022"]
[BlackElo "1810"]
[PlyCount "46"]
[EventDate "2016.12.26"]
[EventCountry "GER"]

1. e4 e5 2. Nf3 Nf6 3. Nc3 Nc6 4. d4 exd4 5. Nxd4 d6 6. Be2 Be7 7. O-O O-O 8.
f4 Nxd4 9. Qxd4 Bg4 10. Bd3 c5 11. Qe3 Rc8 12. e5 dxe5 13. fxe5 c4 14. Qg3 Bc5+
15. Kh1 cxd3 16. exf6 Qd7 17. cxd3 g6 18. Bh6 Rfe8 19. Rf4 Qe6 20. Qxg4 Qe1+
21. Rf1 Qe5 22. Qf4 Qh5 23. Ne4 Bd4 1-0

[Event "26. Erfurter Schachfestival 2016 - HT"]
[Site "Erfurt"]
[Date "2016.12.28"]
[Round "4.1"]
[White "Schwarz, Hilmar"]
[Black "Schmidt, Daniel (Priestewitz"]
[Result "0-1"]
[WhiteElo "1933"]
[BlackElo "1747"]
[PlyCount "62"]
[EventDate "2016.12.26"]
[EventCountry "GER"]

1. e4 e5 2. Nf3 Nc6 3. Bc4 Nf6 4. Ng5 d5 5. exd5 Na5 6. Bb5+ c6 7. dxc6 bxc6 8.
Be2 h6 9. Nf3 e4 10. Ne5 Bc5 11. c3 Qc7 12. f4 Bd6 13. b4 Nb7 14. O-O Bxe5 15.
fxe5 Qxe5 16. d4 exd3 17. Bf3 O-O 18. Bxc6 Ng4 19. Bf4 Qe6 20. Qf3 a5 21. Bxb7
Qb6+ 22. Kh1 Qxb7 23. h3 Nf6 24. Qxd3 axb4 25. Bxh6 Ne4 26. Nd2 Nxc3 27. Bf4
Nxa2 28. Nb3 Ra3 29. Qg3 Be6 30. Nc5 Qd5 31. Qf2 Rxh3+ 0-1

[Event "26. Erfurter Schachfestival 2016 - HT"]
[Site "Erfurt"]
[Date "2016.12.28"]
[Round "4.2"]
[White "Blank, Stefan"]
[Black "Kuznecovs, Nikita"]
[Result "0-1"]
[WhiteElo "1843"]
[BlackElo "1884"]
[PlyCount "88"]
[EventDate "2016.12.26"]
[EventCountry "GER"]

1. e4 d5 2. exd5 Qxd5 3. Nc3 Qa5 4. Nf3 Nf6 5. Be2 Nc6 6. O-O Bg4 7. h3 Bh5 8.
d3 O-O-O 9. Be3 h6 10. a3 Nd5 11. Nxd5 Qxd5 12. Nh2 Bxe2 13. Qxe2 g6 14. Qg4+
f5 15. Qf3 Qd7 16. g4 Bg7 17. Rab1 Rdf8 18. Qg2 g5 19. f3 f4 20. Bc1 Bd4+ 21.
Kh1 h5 22. c3 Bb6 23. d4 hxg4 24. Nxg4 e5 25. b4 exd4 26. cxd4 Qh7 27. Bb2
Qxh3+ 28. Kg1 Nxd4 29. Bxd4 Bxd4+ 30. Nf2 Rh4 31. Rfd1 Bxf2+ 32. Kxf2 Qxg2+ 33.
Kxg2 g4 34. fxg4 Rxg4+ 35. Kf2 Rg3 36. a4 Rh8 37. Rh1 Rxh1 38. Rxh1 Rb3 39.
Rh8+ Kd7 40. Rh7+ Kc6 41. b5+ Kb6 42. Rh6+ Ka5 43. Rh7 Rc3 44. Rh8 Kxa4 0-1

[Event "26. Erfurter Schachfestival 2016 - HT"]
[Site "Erfurt"]
[Date "2016.12.28"]
[Round "4.3"]
[White "Ritter, Uwe"]
[Black "Schulz, Stefan"]
[Result "1/2-1/2"]
[WhiteElo "2035"]
[BlackElo "1870"]
[PlyCount "80"]
[EventDate "2016.12.26"]
[EventCountry "GER"]

1. e4 c5 2. Nc3 Nc6 3. g3 g6 4. Bg2 Bg7 5. d3 e6 6. Be3 d6 7. Qd2 Nd4 8. Nd1
Ne7 9. c3 Ndc6 10. Bh6 O-O 11. h4 Bxh6 12. Qxh6 Ne5 13. Qd2 d5 14. f4 Ng4 15.
Bf3 f5 16. Bxg4 fxg4 17. Nf2 dxe4 18. dxe4 Qxd2+ 19. Kxd2 e5 20. Ne2 h5 21. Nd3
exf4 22. Nexf4 b6 23. Rhf1 Bb7 24. Ke3 Rae8 25. Ne6 Rxf1 26. Rxf1 Nd5+ 27. exd5
Bxd5 28. Rf8+ Rxf8 29. Nxf8 Kxf8 30. a3 Ke7 31. Nf4 Bf7 32. Ke4 Kf6 33. b4 cxb4
34. cxb4 g5 35. hxg5+ Kxg5 36. Ng2 a5 37. bxa5 bxa5 38. Ke5 Be8 39. Nh4 Bb5 40.
Ke6 a4 1/2-1/2

[Event "26. Erfurter Schachfestival 2016 - HT"]
[Site "Erfurt"]
[Date "2016.12.28"]
[Round "4.4"]
[White "Werner, Sebastian"]
[Black "Haugk, Franko"]
[Result "1-0"]
[WhiteElo "1881"]
[BlackElo "2026"]
[PlyCount "74"]
[EventDate "2016.12.26"]
[EventCountry "GER"]

1. d4 Nf6 2. Nf3 e6 3. e3 b6 4. Bd3 Bb7 5. O-O Be7 6. Nbd2 d5 7. Re1 Nbd7 8. e4
dxe4 9. Nxe4 Bxe4 10. Bxe4 Nxe4 11. Rxe4 Nf6 12. Re2 c5 13. Bg5 cxd4 14. Nxd4
Qd5 15. Nf3 O-O-O 16. Qe1 Kb7 17. Ne5 Rhf8 18. Rd2 Qa5 19. Bxf6 Bxf6 20. Qe4+
Ka6 21. Rxd8 Rxd8 22. Nc6 Qd2 23. Nxd8 Qxd8 24. Qe2+ Kb7 25. Rd1 Qc7 26. Qe4+
Kb8 27. Qa4 Qe5 28. Qe8+ Kb7 29. Qxf7+ Ka6 30. Qd7 Qe4 31. Qc8+ Ka5 32. c3 Qe2
33. b4+ Ka4 34. Qd7+ Ka3 35. Qxa7+ Kb2 36. Qa4 Qc2 37. Qxc2+ Kxc2 1-0

[Event "26. Erfurter Schachfestival 2016 - HT"]
[Site "Erfurt"]
[Date "2016.12.28"]
[Round "4.5"]
[White "Siebarth, Marco"]
[Black "Stobbe, Frederik"]
[Result "1-0"]
[WhiteElo "2024"]
[BlackElo "1827"]
[PlyCount "39"]
[EventDate "2016.12.26"]
[EventCountry "GER"]

1. e4 c5 2. Nf3 e6 3. b3 Nc6 4. Bb2 d6 5. d4 cxd4 6. Nxd4 Nf6 7. Bd3 Bd7 8. O-O
Nb4 9. c4 Nxd3 10. Qxd3 Be7 11. Nd2 O-O 12. Rfd1 a6 13. Nf1 d5 14. cxd5 exd5
15. exd5 Nxd5 16. Nf5 Bc6 17. Bxg7 Qc7 18. Qd4 f6 19. Qg4 Qf4 20. Nh6+ 1-0

[Event "26. Erfurter Schachfestival 2016 - HT"]
[Site "Erfurt"]
[Date "2016.12.28"]
[Round "4.6"]
[White "Klinkhart, Thorbjörn"]
[Black "Schönrock, Rüdiger"]
[Result "1/2-1/2"]
[WhiteElo "1852"]
[BlackElo "2022"]
[PlyCount "52"]
[EventDate "2016.12.26"]
[EventCountry "GER"]

1. f4 d5 2. b3 Nf6 3. Nf3 Bg4 4. e3 Nbd7 5. Bb2 e6 6. Be2 Be7 7. O-O O-O 8. h3
Bxf3 9. Bxf3 c6 10. d3 Qc7 11. Qe1 e5 12. Bd1 exf4 13. Rxf4 Rfe8 14. Rf1 Bc5
15. d4 Bd6 16. Nd2 Re7 17. Rf3 Rae8 18. Nf1 Ne4 19. c4 b6 20. Bc2 Ndf6 21. Qh4
Re6 22. Rc1 g5 23. Qe1 Qe7 24. Rf5 h6 25. Bb1 Qf8 26. Bxe4 Nxe4 1/2-1/2

[Event "26. Erfurter Schachfestival 2016 - HT"]
[Site "Erfurt"]
[Date "2016.12.28"]
[Round "4.7"]
[White "Pölsterl, Hans"]
[Black "Mann, Jonas"]
[Result "0-1"]
[WhiteElo "1955"]
[BlackElo "1858"]
[PlyCount "68"]
[EventDate "2016.12.26"]
[EventCountry "GER"]

1. c4 g6 2. Nc3 Bg7 3. e4 d6 4. g3 e5 5. Bg2 Ne7 6. Nge2 O-O 7. d3 h6 8. Be3
Nbc6 9. Qd2 Kh7 10. Nd5 Nxd5 11. cxd5 Nd4 12. Bxd4 exd4 13. Qb4 c5 14. dxc6
bxc6 15. O-O c5 16. Qd2 Rb8 17. Rac1 Ba6 18. b3 h5 19. f4 Bh6 20. e5 Rc8 21.
exd6 Qxd6 22. Rce1 Rfe8 23. Nc1 Bg7 24. Rxe8 Rxe8 25. f5 Bh6 26. fxg6+ Kxg6 27.
Qc2 Re3 28. Qf2 Qe6 29. Bh3 Qe7 30. Qf5+ Kg7 31. Qxh5 Re1 32. Qg4+ Kf8 33. Qh5
Qe3+ 34. Kg2 Bb7+ 0-1

[Event "26. Erfurter Schachfestival 2016 - HT"]
[Site "Erfurt"]
[Date "2016.12.28"]
[Round "4.8"]
[White "Reuter, Hans-Otto"]
[Black "Schaefer, Matthes"]
[Result "1/2-1/2"]
[WhiteElo "1904"]
[BlackElo "1786"]
[PlyCount "42"]
[EventDate "2016.12.26"]
[EventCountry "GER"]

1. Nf3 Nf6 2. g3 g6 3. Bg2 Bg7 4. d3 O-O 5. O-O d5 6. Na3 Nc6 7. c4 dxc4 8.
Nxc4 Be6 9. Qa4 a6 10. Ne3 h6 11. Bd2 Qc8 12. Bc3 Ng4 13. Bxg7 Kxg7 14. Nd4
Nxd4 15. Qxd4+ Nf6 16. b3 c6 17. Rac1 Qc7 18. f4 Qa5 19. Rc2 Rad8 20. Qc5 Qxc5
21. Rxc5 Ng4 1/2-1/2

[Event "26. Erfurter Schachfestival 2016 - HT"]
[Site "Erfurt"]
[Date "2016.12.28"]
[Round "4.9"]
[White "Wähner, Manuel"]
[Black "Sunderbrink, Heino"]
[Result "0-1"]
[WhiteElo "1793"]
[BlackElo "1890"]
[PlyCount "62"]
[EventDate "2016.12.26"]
[EventCountry "GER"]

1. d4 c5 2. d5 d6 3. c4 g6 4. Nc3 Bg7 5. Nf3 e6 6. e4 Ne7 7. Be2 O-O 8. O-O e5
9. a3 h6 10. b4 b6 11. bxc5 bxc5 12. Qc2 f5 13. Bd2 f4 14. Rfb1 g5 15. Rb3 Ng6
16. Rab1 Nd7 17. Ne1 Nf6 18. Qb2 Rf7 19. Rb8 Rxb8 20. Qxb8 Bf8 21. Bd1 g4 22.
Ba4 g3 23. fxg3 fxg3 24. h3 Nh4 25. Nd3 Nd7 26. Bxd7 Rxd7 27. Qb2 Rf7 28. Be3
Bxh3 29. gxh3 Qd7 30. Ne1 Qxh3 31. Qe2 Rf4 0-1

[Event "26. Erfurter Schachfestival 2016 - HT"]
[Site "Erfurt"]
[Date "2016.12.28"]
[Round "4.10"]
[White "Apelt, Andreas"]
[Black "Möller, Frank (Königsee)"]
[Result "1/2-1/2"]
[WhiteElo "1790"]
[BlackElo "1886"]
[PlyCount "52"]
[EventDate "2016.12.26"]
[EventCountry "GER"]

1. d4 d5 2. c4 c6 3. Nf3 Nf6 4. g3 Bf5 5. Bg2 e6 6. Nc3 Nbd7 7. Nh4 Bg6 8. Nxg6
hxg6 9. a3 Bd6 10. e4 dxe4 11. Nxe4 Nxe4 12. Bxe4 Nf6 13. Bg2 Qc7 14. Be3 Rd8
15. Qe2 Kf8 16. b4 a5 17. Bd2 a4 18. Bf3 Qd7 19. h4 e5 20. dxe5 Bxe5 21. Rd1
Re8 22. Be3 Qc7 23. Kf1 Kg8 24. Kg2 Qb8 25. Rd3 Bc7 26. Qc2 Qa8 1/2-1/2

[Event "26. Erfurter Schachfestival 2016 - HT"]
[Site "Erfurt"]
[Date "2016.12.28"]
[Round "5.1"]
[White "Kuznecovs, Nikita"]
[Black "Schmidt, Daniel (Priestewitz"]
[Result "1-0"]
[WhiteElo "1884"]
[BlackElo "1747"]
[PlyCount "55"]
[EventDate "2016.12.26"]
[EventCountry "GER"]

1. Nf3 Nf6 2. b3 g6 3. Bb2 Bg7 4. e3 O-O 5. Be2 d6 6. d4 Nbd7 7. O-O a6 8. c4
c5 9. dxc5 Nxc5 10. Nbd2 Bd7 11. Rc1 b5 12. Nd4 Rb8 13. cxb5 axb5 14. b4 Na4
15. Ba1 e5 16. Nxb5 Bxb5 17. Bxb5 Rxb5 18. Qxa4 Qb6 19. Nc4 Qb8 20. a3 Ne4 21.
Rfd1 d5 22. Nxe5 Bxe5 23. Bxe5 Qxe5 24. Qxb5 Nc3 25. Rxc3 Qxc3 26. Qd3 Rc8 27.
Qxc3 Rxc3 28. Ra1 1-0

[Event "26. Erfurter Schachfestival 2016 - HT"]
[Site "Erfurt"]
[Date "2016.12.28"]
[Round "5.3"]
[White "Mann, Jonas"]
[Black "Werner, Sebastian"]
[Result "1-0"]
[WhiteElo "1858"]
[BlackElo "1881"]
[PlyCount "33"]
[EventDate "2016.12.26"]
[EventCountry "GER"]

1. c4 e5 2. g3 Nf6 3. Bg2 d5 4. cxd5 Nxd5 5. Nc3 Nb6 6. Nf3 Nc6 7. a3 Bd6 8.
O-O O-O 9. d3 f6 10. Be3 Be6 11. b4 Ne7 12. Ne4 Ned5 13. Bc5 Bf7 14. Qc2 h6 15.
Ned2 Qe7 16. e4 Bxc5 17. bxc5 1-0

[Event "26. Erfurter Schachfestival 2016 - HT"]
[Site "Erfurt"]
[Date "2016.12.28"]
[Round "5.4"]
[White "Möller, Frank (Königsee)"]
[Black "Prüsse, Horst"]
[Result "0-1"]
[WhiteElo "1886"]
[BlackElo "2078"]
[PlyCount "74"]
[EventDate "2016.12.26"]
[EventCountry "GER"]

1. c4 e5 2. Nc3 Nc6 3. g3 f5 4. Bg2 Nf6 5. e3 Bb4 6. Nge2 O-O 7. O-O d6 8. d4
Bxc3 9. Nxc3 Ne7 10. Qc2 c6 11. b3 Rb8 12. Bb2 exd4 13. exd4 f4 14. Qd2 Ng6 15.
Rfe1 Ng4 16. Nd1 f3 17. Bf1 Qf6 18. h3 Nh6 19. d5 Ne5 20. Bxe5 dxe5 21. Nc3 Bf5
22. Qe3 Nf7 23. Kh2 Rbe8 24. Bd3 e4 25. Bf1 Qg6 26. Qf4 Ne5 27. Qh4 Nd3 28.
Bxd3 exd3 29. Qd4 c5 30. Qf4 Bxh3 31. Rxe8 Qxe8 32. Qe4 Qc8 33. Nd1 Bg2 34.
Qe6+ Qxe6 35. dxe6 Rf6 36. g4 Rh6+ 37. Kg3 g5 0-1

[Event "26. Erfurter Schachfestival 2016 - HT"]
[Site "Erfurt"]
[Date "2016.12.28"]
[Round "5.5"]
[White "Retzlaff, Thomas"]
[Black "Ritter, Uwe"]
[Result "0-1"]
[WhiteElo "1852"]
[BlackElo "2035"]
[PlyCount "34"]
[EventDate "2016.12.26"]
[EventCountry "GER"]

1. d4 c5 2. e3 cxd4 3. exd4 d5 4. Nf3 Nf6 5. Bb5+ Bd7 6. Bd3 Nc6 7. O-O Bg4 8.
c3 Qc7 9. Na3 a6 10. b4 e6 11. Bb2 Bd6 12. h3 Bh5 13. Be2 O-O 14. Re1 Ne4 15.
Nd2 Bxe2 16. Qxe2 f5 17. f3 Bh2+ 0-1

[Event "26. Erfurter Schachfestival 2016 - HT"]
[Site "Erfurt"]
[Date "2016.12.28"]
[Round "5.6"]
[White "Schönrock, Rüdiger"]
[Black "Blank, Stefan"]
[Result "1-0"]
[WhiteElo "2022"]
[BlackElo "1843"]
[PlyCount "107"]
[EventDate "2016.12.26"]
[EventCountry "GER"]

1. e4 c5 2. c3 d6 3. d4 Nf6 4. dxc5 dxc5 5. Qxd8+ Kxd8 6. Bc4 e6 7. e5 Nfd7 8.
Bg5+ Be7 9. Bxe7+ Kxe7 10. f4 b6 11. Nf3 Na6 12. Nbd2 Nc7 13. Kf2 h6 14. Rhd1
Bb7 15. g3 g5 16. a4 a6 17. Bd3 Rag8 18. Rg1 gxf4 19. gxf4 Rxg1 20. Rxg1 b5 21.
axb5 axb5 22. Ra1 Ra8 23. Rxa8 Bxa8 24. Kg3 f5 25. exf6+ Nxf6 26. f5 exf5 27.
Bxf5 Kd6 28. c4 Bxf3 29. Kxf3 Ke5 30. Bc2 bxc4 31. Nxc4+ Kd4 32. Nd6 h5 33. Ne4
Nfd5 34. Ng3 Nf6 35. Bg6 Kc4 36. Nxh5 Nxh5 37. Bxh5 Kb3 38. Bf7+ Kxb2 39. h4
Nb5 40. h5 Nd6 41. Bg6 Nb5 42. h6 Nd4+ 43. Kg4 Nc6 44. h7 Ne5+ 45. Kf5 Nxg6 46.
Kxg6 c4 47. h8=Q+ c3 48. Kf5 Kb3 49. Qb8+ Ka2 50. Qa7+ Kb1 51. Qb6+ Kc1 52.
Qe3+ Kb2 53. Qd4 Kc2 54. Ke4 1-0

[Event "26. Erfurter Schachfestival 2016 - HT"]
[Site "Erfurt"]
[Date "2016.12.28"]
[Round "5.7"]
[White "Minor, Viatcheslav"]
[Black "Klinkhart, Thorbjörn"]
[Result "0-1"]
[WhiteElo "1962"]
[BlackElo "1852"]
[PlyCount "66"]
[EventDate "2016.12.26"]
[EventCountry "GER"]

1. e4 d6 2. d4 Nf6 3. Nc3 Nbd7 4. g4 h6 5. h3 e5 6. Nge2 c6 7. Bg2 Be7 8. O-O
Nh7 9. Ng3 Qb6 10. Nce2 Ndf8 11. Nh5 Rg8 12. a4 a5 13. c3 g6 14. Nhg3 h5 15.
gxh5 gxh5 16. Kh1 h4 17. Nf5 Bxf5 18. exf5 Nf6 19. Qc2 O-O-O 20. Be3 Qc7 21. b4
N8d7 22. bxa5 Qxa5 23. c4 exd4 24. Nxd4 Ne5 25. f4 Ned7 26. Bxc6 bxc6 27. Kh2
Qa8 28. a5 c5 29. Nb5 Rg3 30. Rae1 Rdg8 31. Rf2 Ne4 32. Rfe2 Nc3 33. Nxc3 Qf3
0-1

[Event "26. Erfurter Schachfestival 2016 - HT"]
[Site "Erfurt"]
[Date "2016.12.28"]
[Round "5.8"]
[White "Budde, Michael"]
[Black "Reinhardt, Michael"]
[Result "1-0"]
[WhiteElo "1953"]
[BlackElo "1834"]
[PlyCount "71"]
[EventDate "2016.12.26"]
[EventCountry "GER"]

1. d4 f5 2. g3 Nf6 3. Bg2 e6 4. c4 d5 5. Nf3 c6 6. cxd5 exd5 7. Nc3 Bd6 8. Bg5
O-O 9. O-O Nbd7 10. Qc2 h6 11. Bf4 Bxf4 12. gxf4 Ne4 13. Ne5 Qe8 14. f3 Nd6 15.
Rae1 Nf6 16. Rf2 Be6 17. Kh1 Rc8 18. b4 b6 19. Nd3 Nd7 20. e4 Qf7 21. Qe2 Rfe8
22. Ne5 Nxe5 23. fxe5 Nc4 24. Bh3 f4 25. Bxe6 Qxe6 26. Rg1 Kh7 27. exd5 cxd5
28. Qd3+ g6 29. Ne2 Rf8 30. Rfg2 Rf5 31. Nxf4 Rxf4 32. Rxg6 Qf5 33. Rg7+ Kh8
34. Qe2 Rxf3 35. Qg2 Qf8 36. Qg6 1-0

[Event "26. Erfurter Schachfestival 2016 - HT"]
[Site "Erfurt"]
[Date "2016.12.28"]
[Round "5.9"]
[White "Schulz, Stefan"]
[Black "Loriguillo, Gregorio"]
[Result "1-0"]
[WhiteElo "1870"]
[BlackElo "1940"]
[PlyCount "91"]
[EventDate "2016.12.26"]
[EventCountry "GER"]

1. e4 c5 2. Nf3 Nf6 3. Nc3 Nc6 4. d4 d5 5. exd5 Nxd5 6. dxc5 Nxc3 7. Qxd8+ Nxd8
8. bxc3 e6 9. Be3 Nc6 10. Bb5 Bd7 11. O-O-O Be7 12. Rd2 O-O-O 13. Rhd1 f6 14.
Bc4 e5 15. Ne1 Bg4 16. f3 Rxd2 17. Rxd2 Bd7 18. Nd3 Na5 19. Bb3 Rd8 20. Nb4 Bc6
21. Rxd8+ Kxd8 22. Be6 Bb5 23. c6 Bxb4 24. cxb4 Nxc6 25. a3 Bf1 26. g3 Ke7 27.
Bd5 Kd6 28. Bg8 Nd4 29. Bxh7 Bc4 30. Bxd4 exd4 31. Kd2 a5 32. Bd3 Bd5 33. Be2
axb4 34. axb4 Ke5 35. Kd3 g5 36. f4+ gxf4 37. gxf4+ Kxf4 38. Kxd4 Bc6 39. h4
Kf5 40. Ke3 Be8 41. Bf3 Ke5 42. h5 f5 43. h6 f4+ 44. Kd3 Kf6 45. Kd4 Kg6 46.
Bh5+ 1-0

[Event "26. Erfurter Schachfestival 2016 - HT"]
[Site "Erfurt"]
[Date "2016.12.28"]
[Round "5.10"]
[White "Opasiak, Dustin Tennessee"]
[Black "Schwarz, Hilmar"]
[Result "1/2-1/2"]
[WhiteElo "1823"]
[BlackElo "1933"]
[PlyCount "50"]
[EventDate "2016.12.26"]
[EventCountry "GER"]

1. e4 e5 2. Nf3 Nc6 3. Bb5 a6 4. Bxc6 dxc6 5. Nc3 Bd6 6. d4 Bg4 7. dxe5 Bxf3 8.
Qxf3 Bxe5 9. Bf4 Qe7 10. O-O-O Nf6 11. Bxe5 Qxe5 12. Qg3 Qxg3 13. hxg3 Rd8 14.
Rxd8+ Kxd8 15. f3 h6 16. g4 Re8 17. Ne2 Nh7 18. Ng3 Ng5 19. Nf5 Ne6 20. b4 Kc8
21. Rd1 b6 22. a3 Rd8 23. Ne7+ Kb7 24. Rxd8 Nxd8 25. Nf5 Ne6 1/2-1/2

[Event "26. Erfurter Schachfestival 2016 - HT"]
[Site "Erfurt"]
[Date "2016.12.29"]
[Round "6.7"]
[White "Schmidt, Daniel (Priestewitz"]
[Black "Alvermann, Christian"]
[Result "1-0"]
[WhiteElo "1747"]
[BlackElo "1916"]
[PlyCount "79"]
[EventDate "2016.12.26"]
[EventCountry "GER"]

1. e4 c5 2. Nf3 e6 3. d4 cxd4 4. Nxd4 Nf6 5. Bd3 Be7 6. O-O d6 7. c4 a6 8. Be3
Qc7 9. Nc3 Nbd7 10. f4 b6 11. Rc1 Bb7 12. g4 Nc5 13. g5 Nfxe4 14. Bxe4 Nxe4 15.
Nxe4 Bxe4 16. Ne2 e5 17. f5 f6 18. Ng3 Bc6 19. Qh5+ Kd8 20. g6 h6 21. Qd1 Kc8
22. b4 Kb7 23. b5 Bd7 24. Qd5+ Ka7 25. bxa6 Rhf8 26. Rb1 Rab8 27. Rb3 Qc6 28.
Rfb1 Bd8 29. Qd3 e4 30. Qd4 Re8 31. h4 Re5 32. Bf4 Rc5 33. Bxd6 Rxc4 34. Bxb8+
Kxa6 35. Qe3 Rc5 36. Nxe4 Rxf5 37. Qd3+ Kb7 38. Nd6+ Kxb8 39. Nxf5 Qc5+ 40. Ne3
1-0

[Event "26. Erfurter Schachfestival 2016 - HT"]
[Site "Erfurt"]
[Date "2016.12.29"]
[Round "6.8"]
[White "Heinzel, Peter"]
[Black "Schimmer, Michael"]
[Result "0-1"]
[WhiteElo "2062"]
[BlackElo "1822"]
[PlyCount "74"]
[EventDate "2016.12.26"]
[EventCountry "GER"]

1. b4 e5 2. Bb2 d6 3. c4 f5 4. e3 Nf6 5. Nc3 Be7 6. Be2 O-O 7. Nf3 e4 8. Nd4
Nc6 9. Nxc6 bxc6 10. d4 d5 11. a3 Be6 12. Qc2 Qd7 13. Rc1 Ne8 14. b5 dxc4 15.
bxc6 Qd8 16. d5 Bf7 17. Bxc4 Nd6 18. Ba2 Rb8 19. Ne2 Bf6 20. Bxf6 Qxf6 21. Qc3
Qg5 22. O-O Qg4 23. Nf4 Bh5 24. Rb1 Rb6 25. h3 Qh4 26. Rxb6 axb6 27. g3 Qg5 28.
Ne6 Qe7 29. Nxf8 Kxf8 30. Bb3 Nf7 31. Bd1 Bg6 32. Be2 Ke8 33. Rd1 Nd6 34. Rd4
Qf6 35. Qc2 h5 36. h4 f4 37. exf4 Qxd4 0-1

[Event "26. Erfurter Schachfestival 2016 - HT"]
[Site "Erfurt"]
[Date "2016.12.29"]
[Round "6.9"]
[White "Körber, Thomas"]
[Black "Haugk, Franko"]
[Result "1-0"]
[WhiteElo "1843"]
[BlackElo "2026"]
[PlyCount "67"]
[EventDate "2016.12.26"]
[EventCountry "GER"]

1. Nf3 Nf6 2. d4 e6 3. e3 d5 4. Bd3 c5 5. b3 Nc6 6. a3 a6 7. O-O Be7 8. Bb2 O-O
9. Nbd2 b5 10. dxc5 Bxc5 11. Qe2 Bb7 12. Rfd1 Qe7 13. c4 b4 14. a4 e5 15. cxd5
Nxd5 16. Ne4 Bb6 17. Bc4 Nf6 18. Nxf6+ gxf6 19. e4 Na5 20. Nh4 Kh8 21. Nf5 Qc7
22. Rac1 Bc5 23. Rd3 Bc8 24. Bd5 Bxf5 25. Bxa8 Rxa8 26. exf5 Rg8 27. Qf3 Qa7
28. Rd5 Rc8 29. Rcd1 Qe7 30. Rd7 Qf8 31. Qd5 Nc6 32. Rxf7 Qg8 33. Rxf6 Qg4 34.
Rxc6 1-0

[Event "26. Erfurter Schachfestival 2016 - HT"]
[Site "Erfurt"]
[Date "2016.12.29"]
[Round "6.10"]
[White "Pölsterl, Hans"]
[Black "Opasiak, Dustin Tennessee"]
[Result "0-1"]
[WhiteElo "1955"]
[BlackElo "1823"]
[PlyCount "118"]
[EventDate "2016.12.26"]
[EventCountry "GER"]

1. c4 e5 2. Nc3 Bb4 3. Nd5 a5 4. g3 Nc6 5. Bg2 Nf6 6. Nxb4 axb4 7. Nf3 O-O 8.
O-O Qe7 9. d3 d6 10. Bg5 h6 11. Bd2 e4 12. Ne1 Bf5 13. d4 Nxd4 14. Bxb4 Nc6 15.
Bc3 Rfe8 16. Nc2 Qe6 17. Ne3 Ne5 18. b3 Bh3 19. Qd2 Bxg2 20. Kxg2 Neg4 21. h3
Nxe3+ 22. fxe3 Nd7 23. Qd4 f6 24. Rf4 g5 25. Rf2 Kg7 26. Raf1 Rxa2 27. Rxf6
Nxf6 28. Rxf6 Qe5 29. Rf2 Qxd4 30. Bxd4+ Kg8 31. Rf6 Rf8 32. Rg6+ Kf7 33. Rxh6
Ke8 34. h4 Rxe2+ 35. Kh3 gxh4 36. Rxh4 c5 37. Rxe4+ Kd7 38. Bg7 Re8 39. Rxe8
Kxe8 40. Bh6 Rb2 41. Bf4 Ke7 42. g4 Rxb3 43. g5 Rb1 44. Kg4 Rc1 45. Kf5 Rxc4
46. e4 Rc2 47. g6 Rg2 48. Bh6 b5 49. Bg7 c4 50. Bf6+ Kf8 51. Bc3 Kg8 52. Bb4
Rf2+ 53. Ke6 Kg7 54. Kxd6 Kxg6 55. e5 Kf7 56. e6+ Ke8 57. Kc5 Rb2 58. Bc3 Rb3
59. Bf6 c3 0-1

[Event "26. Erfurter Schachfestival 2016 - HT"]
[Site "Erfurt"]
[Date "2016.12.29"]
[Round "7.1"]
[White "Kuznecovs, Nikita"]
[Black "Klinkhart, Thorbjörn"]
[Result "1-0"]
[WhiteElo "1884"]
[BlackElo "1852"]
[PlyCount "53"]
[EventDate "2016.12.26"]
[EventCountry "GER"]

1. Nf3 Nf6 2. g3 d6 3. d4 c6 4. Bg2 Nbd7 5. O-O Qc7 6. Nc3 e5 7. e4 Be7 8. a4
a5 9. h3 O-O 10. Be3 h6 11. Qd2 Re8 12. Rad1 Bf8 13. Rfe1 Nh7 14. Nh4 Ndf6 15.
f4 exf4 16. gxf4 Qd8 17. Qf2 Kh8 18. Kh2 Rb8 19. d5 c5 20. Bc1 Bd7 21. e5 Ng8
22. e6 g5 23. fxg5 hxg5 24. exd7 Rxe1 25. Rxe1 gxh4 26. Re8 Qc7 27. Nb5 1-0

[Event "26. Erfurter Schachfestival 2016 - HT"]
[Site "Erfurt"]
[Date "2016.12.29"]
[Round "7.2"]
[White "Schimmer, Michael"]
[Black "Schmidt, Daniel (Priestewitz"]
[Result "0-1"]
[WhiteElo "1822"]
[BlackElo "1747"]
[PlyCount "96"]
[EventDate "2016.12.26"]
[EventCountry "GER"]

1. e4 e6 2. d4 d5 3. Nc3 Bb4 4. e5 c5 5. a3 Bxc3+ 6. bxc3 Ne7 7. Qg4 Qa5 8. Bd2
Qa4 9. Qd1 Nbc6 10. Nf3 cxd4 11. cxd4 Nxd4 12. Bd3 Nec6 13. O-O Nxf3+ 14. Qxf3
Nxe5 15. Qg3 Ng6 16. Rab1 O-O 17. Rb4 Qxa3 18. h4 f5 19. h5 Ne7 20. h6 Rf7 21.
Rb3 Qa4 22. Bb5 Qg4 23. Qd6 Ng6 24. Rg3 Qd4 25. Qd8+ Rf8 26. Qc7 Qf6 27. hxg7
Qxg7 28. Qd6 a6 29. Bc3 e5 30. Bxe5 Qf7 31. Be2 Be6 32. Bh5 f4 33. Bxg6 hxg6
34. Bxf4 Rad8 35. Qe5 Bf5 36. Bh6 Rfe8 37. Qf4 Bxc2 38. Qd2 Bf5 39. Rg5 Rd7 40.
g4 Be4 41. f4 Rd6 42. f5 Rf6 43. Qd4 Rc8 44. Kf2 Kh7 45. Qe3 Rc2+ 46. Ke1 Qc7
47. fxg6+ Rxg6 48. Rh5 Qa5+ 0-1

[Event "26. Erfurter Schachfestival 2016 - HT"]
[Site "Erfurt"]
[Date "2016.12.29"]
[Round "7.3"]
[White "Sunderbrink, Heino"]
[Black "Ritter, Uwe"]
[Result "1/2-1/2"]
[WhiteElo "1890"]
[BlackElo "2035"]
[PlyCount "78"]
[EventDate "2016.12.26"]
[EventCountry "GER"]

1. Nf3 d5 2. c4 e6 3. g3 Nf6 4. Bg2 c5 5. O-O Nc6 6. b3 dxc4 7. bxc4 e5 8. Nc3
Be7 9. Rb1 h6 10. d3 O-O 11. h3 Rb8 12. e4 Re8 13. Nd5 Bf8 14. Bd2 Nxd5 15.
cxd5 Nd4 16. Nxd4 cxd4 17. f4 Bd6 18. Bb4 Bxb4 19. Rxb4 a5 20. Rb2 b5 21. fxe5
Rxe5 22. Qf3 f6 23. Qf2 Qb6 24. Rc1 Bd7 25. Rbc2 b4 26. Rc7 Bb5 27. Qf3 h5 28.
h4 a4 29. Bh3 Be8 30. Rc8 b3 31. axb3 axb3 32. Rxb8 Qxb8 33. Be6+ Bf7 34. Rc8+
Qxc8 35. Bxc8 Re8 36. Bd7 Ra8 37. Qf2 Ra1+ 38. Kg2 Ra2 39. Ba4 Rxa4 1/2-1/2

[Event "26. Erfurter Schachfestival 2016 - HT"]
[Site "Erfurt"]
[Date "2016.12.29"]
[Round "7.4"]
[White "Opasiak, Dustin Tennessee"]
[Black "Siebarth, Marco"]
[Result "1/2-1/2"]
[WhiteElo "1823"]
[BlackElo "2024"]
[PlyCount "36"]
[EventDate "2016.12.26"]
[EventCountry "GER"]

1. Nf3 d5 2. d3 c6 3. g3 g6 4. Bg2 Bg7 5. O-O Nf6 6. Nbd2 O-O 7. e4 dxe4 8.
dxe4 Na6 9. Re1 h6 10. a4 Be6 11. Ne5 Qc7 12. Nd3 Rad8 13. Qe2 c5 14. Nf4 Bg4
15. f3 Bc8 16. e5 Nd5 17. Nxd5 Rxd5 18. f4 Rfd8 1/2-1/2